Levels of inspection - part 1 (Record no. 60251)

MARC details
000 -LEADER
fixed length control field 00753cam a2200217 4500
001 - CONTROL NUMBER
control field ABS61334
008 - FIXED-LENGTH DATA ELEMENTS--GENERAL INFORMATION
fixed length control field 000000n1999 000 0 eng u
035 ## - SYSTEM CONTROL NUMBER
System control number (Sirsi) u100891
100 ## - MAIN ENTRY--PERSONAL NAME
Personal name Hollis, M.
245 ## - TITLE STATEMENT
Title Levels of inspection - part 1
260 ## - PUBLICATION, DISTRIBUTION, ETC.
Date of publication, distribution, etc. 1999
490 ## - SERIES STATEMENT
Series statement The Valuer
Volume/sequential designation 68(5) September/October 1999, 6-7(2)
520 ## - SUMMARY, ETC.
Summary, etc. The first of two articles which considers the extent of an inspection. Sets out a partial checklist for preparing a Homebuyer Survey and Valuation report. Part 2 ABS61501.
590 ## - LOCAL NOTE (RLIN)
Local note ABS
650 ## - SUBJECT ADDED ENTRY--TOPICAL TERM
Topical term or geographic name entry element RICS HOMEBUYER SURVEY AND VALUATION
650 ## - SUBJECT ADDED ENTRY--TOPICAL TERM
Topical term or geographic name entry element CROSS V MARTIN AND MORTIMER
650 ## - SUBJECT ADDED ENTRY--TOPICAL TERM
Topical term or geographic name entry element INSPECTIONS
650 ## - SUBJECT ADDED ENTRY--TOPICAL TERM
Topical term or geographic name entry element INSTRUCTIONS
690 ## - LOCAL SUBJECT ADDED ENTRY--TOPICAL TERM (OCLC, RLIN)
Topical term or geographic name as entry element BUILT ENVIRONMENT-BUILDING INSPECTION
942 ## - ADDED ENTRY ELEMENTS (KOHA)
Suppress in OPAC 0
Holdings
Withdrawn status Lost status Source of classification or shelving scheme Damaged status Not for loan Home library Current library Shelving location Date acquired Total Checkouts Full call number Barcode Date last seen Copy number Price effective from Koha item type
    Dewey Decimal Classification     London London Journal article 26/10/1999   ABS61334 100891-1001 06/08/2019 1 06/08/2019 Journal article